Asgardians by Picture (Marvel) - Statistics

General Stats
  • This quiz has been taken 27 times
  • The average score is 12 of 16
Answer Stats
Picture Answer % Correct
Hela
100%
Loki
100%
Odin
100%
Thor
100%
Sif
84%
Heimdall
80%
Frigga
76%
Valkyrie
76%
Skurge the Executioner
72%
Amora the Enchantress
64%
Hogun the Grim
64%
Fandral the Dashing
60%
Volstagg the Voluminous
60%
Balder the Brave
56%
Lorelei
32%
Karnilla
28%
No matching quizzes found
Score Distribution
Percent of People with Each Score
Percentile by Number Answered
Your Score History
You have not taken this quiz